Sports Quiz

Random Sports or Baseball Quiz

Highest Paid MLB Players by Team (2013) Quiz Stats

 Plays Quiz not verified by Sporcle

Support Sporcle.
Go Orange.
Score 0/60 Timer 10:00
0 Plays Today
Team Player % Correct
NYY Alex Rodriguez
85.6%
DETPrince Fielder
82.9%
NYYC.C. Sabathia
82.1%
LAD Adrian Gonzalez
81.7%
KCRErvin Santana
80.5%
DETJustin Verlander
80.2%
NYMJohan Santana
80.2%
BOSDavid Ortiz
78.2%
CINJoey Votto
78.2%
PHICliff Lee
78.2%
SEAFelix Hernandez
77.8%
PHIRyan Howard
76.7%
SFGTim Lincecum
75.9%
MINJoe Mauer
75.1%
PITA.J. Burnett
74.3%
TORJose Bautista
73.2%
CHCAlfonso Soriano
72.8%
NYMDavid Wright
72.8%
TORJosh Johnson
71.6%
TBRDavid Price
69.6%
ATLTim Hudson
69.3%
LAAJered Weaver
68.1%
TBREvan Longoria
67.7%
STLAdam Wainwright
65.4%
TEXAdrian Beltre
65.4%
LADZack Greinke
65%
STLMatt Holliday
65%
BALNick Markakis
64.2%
LAAVernon Wells
62.6%
WSHJayson Werth
62.6%
Team Player % Correct
CHWAdam Dunn
61.9%
ATLDan Uggla
61.1%
BOSJohn Lackey
59.5%
ARZHeath Bell
57.6%
MILYovani Gallardo
57.6%
MILRickie Weeks
56.4%
TEXYu Darvish
56.4%
CINBronson Arroyo
56%
KCRAlex Gordon
56%
SEAJason Bay
51.4%
ARZMiguel Montero
49.8%
CLENick Swisher
48.2%
CHWJohn Danks
45.5%
WSHDan Haren
44.7%
SFGHunter Pence
42.4%
CHCEdwin Jackson
40.5%
OAKChris Young
40.1%
PITRussell Martin
38.9%
HOUBud Norris
37.7%
COLMichael Cuddyer
36.6%
HOUCarlos Pena
35.8%
MIARicky Nolasco
35.4%
OAKBrett Anderson
35%
CLEChris Perez
30.7%
SDP Carlos Quentin
30.4%
COLJorge De La Rosa
29.2%
SDPHuston Street
25.3%
MIAPlacido Polanco
23.3%
MINKevin Correia
15.2%
BALTsuyoshi Wada
5.1%

You're not logged in!

Compare scores with friends on all Sporcle quizzes.
OR
Log In

From the Vault

Drop a C

by mrsmith

These 'C' letters can just get right out of town!
Remove Ads.
Support Sporcle.
Get the best of Sporcle when you Go Orange. This ad-free experience offers more features, more stats, and more fun while also helping to support Sporcle. Thank you for becoming a member.

Show Comments

Extras

Top Quizzes Today


Score Distribution

Your Account Isn't Verified!

In order to create a playlist on Sporcle, you need to verify the email address you used during registration. Go to your Sporcle Settings to finish the process.

Report this User

Report this user for behavior that violates our Community Guidelines.

Details: